| 000 | 00838nam a2200265Ia 4500 | ||
|---|---|---|---|
| 003 | OSt | ||
| 005 | 20221005084900.0 | ||
| 006 | a|||||r|||| 00| 0 | ||
| 007 | ta | ||
| 008 | 221004b |||||||| |||| 00| 0 eng d | ||
| 020 |
_a9781108446167 (pbk) _cUKP 21.99 |
||
| 024 | _a41189 | ||
| 037 |
_b8506, 14/01/2019, Efficient Book Distributors _cTextual |
||
| 040 |
_aCRL _cCRL _beng |
||
| 041 |
_2eng _aeng |
||
| 082 | _aV6:5, Q8 | ||
| 100 |
_aTaoua Phyllis Au. _9613685 |
||
| 245 | 0 |
_aAfrican freedom _b how Africa responded to independence |
|
| 260 |
_aNew York _bCambridge University Press USA _c2018 |
||
| 300 |
_axi,321p. _ccm. |
||
| 650 | _a HUMAN RIGHTS | ||
| 650 | _aAFRICA - HISTORY | ||
| 942 |
_hV6:5, Q8 _cTEXL _2cc |
||
| 999 |
_c993273 _d993273 |
||